Quizzes
Events
Quiz Creation
Community
Videos
Private Events
Remove Ads
Sign In
Join for FREE
Feedback
Dark Mode
Quiz Categories
Sports
Geography
Music
Movies
Television
Just For Fun
Miscellaneous
History
Literature
Language
Science
Gaming
Entertainment
Religion
Holiday
For Kids
Quiz Lab
Recent
Popular Today
Quiz Kudos Today
Editor Picks
Curator Picks
Quizzes by...
Day
Popularity
Type
Ratings
Length
Year
Community
Subscriptions
Recent Discussions
Orange Saloon
Badges
Playlists
Quests
Create
Leaderboards
Showdown
Live 5
Trivia Bingo
Activity
Puzzle Library
Sporcle Events
Private Events
Virtual Trivia
Globe League
Become a Host
Pub Owners
SporcleCon
Opinionation
Our Games
Videos
Blog
Mobile Apps
Partnerships
Remove Ads and Go Orange
Feedback
Sports
Athletes
MLB
NBA
NHL
NFL
Soccer
Sports Teams
WWE
NCAA
Football
Premier League
Basketball
Baseball
Hockey
Golf
Tennis
Cricket
Rugby
Auto Racing
Olympics
World Cup
Sports
Athletes
MLB
NBA
NHL
NFL
Soccer
Sports Teams
WWE
NCAA
Football
Premier League
Basketball
Baseball
Hockey
Golf
Tennis
Cricket
Rugby
Auto Racing
Olympics
World Cup
Random Quiz
Search Sporcle
×
Quiz Lab
Quiz Lab
Sports
NFL
Type in answers that appear in a list
Type in answers that appear in a list
Classic
Best Score? Go Orange.
Last 5 First Round NFL Draft Picks SEC Stats
Can you name the Last 5 First Round NFL Draft Picks SEC?
By
jkrasner
10m
70 Questions
186 Plays
186 Plays
186 Plays
Comments
Comments
Give Quiz Kudos
Give Quiz Kudos
-
- Ratings
hide this ad
Replay
Link that replays current quiz
Next Quiz
Link to next quiz in quiz playlist
You Got
0%
They Got
Avg Score
66%
Avg Friend Score
Upgrade to see
Score Distribution
Jump to the score distribution portion of the page
Score
0/70
Timer
10:00
0
Plays Today
% Correct
Cam Newton
95.7%
Trent Richardson
95.2%
A.J. Green
94.6%
Sheldon Richardson
94.6%
Matthew Stafford
94.1%
Darren McFadden
93%
Felix Jones
92.5%
Matt Jones
92.5%
Jarvis Jones
92.5%
Mike Pouncey
91.4%
Maurkice Pouncey
91.4%
Carnell Williams
90.3%
Dan Williams
90.3%
Chris Williams
90.3%
Tim Couch
89.8%
Patrick Peterson
89.2%
Blaine Gabbert
88.7%
Jay Cutler
88.7%
Knowshon Moreno
88.2%
Ronnie Brown
87.1%
Joe Haden
86.6%
Patrick Willis
86.6%
Ryan Tannehill
86.6%
Von Miller
86.6%
Eli Manning
86%
Dee Milliner
84.9%
Morris Claiborne
84.9%
Michael Oher
84.9%
Nick Fairley
84.4%
Jeremy Maclin
83.9%
Eric Berry
83.9%
Barkevious Mingo
82.8%
Mark Barron
81.2%
Chance Warmack
80.1%
Aldon Smith
80.1%
% Correct
Cordarrelle Patterson
79%
Eric Reid
77.4%
Matt Elam
76.3%
Sharif Floyd
76.3%
D.J. Fluker
74.7%
Alec Ogletree
73.1%
Jerod Mayo
68.8%
Troy Williamson
64.5%
Stephon Gilmore
62.4%
Jamaal Anderson
61.3%
Fletcher Cox
59.1%
Luke Joeckel
59.1%
Michael Brockers
57.5%
Johnathan Joseph
56.5%
Sean Weatherspoon
54.3%
Dewayne Robertson
51.1%
Melvin Ingram
51.1%
Ben Grubbs
50.5%
Dunta Robinson
46.8%
Eric Moulds
44.6%
Peria Jerry
44.1%
Shawn Andrews
40.9%
Robert Ayers
38.2%
Derek Sherod
30.6%
Ty Warren
30.1%
Sammy Davis
26.9%
Chris Spencer
19.9%
Walt Harris
18.3%
Tom Moore
9.7%
George Adams
9.1%
Art Still
8.1%
Will Wolford
7%
Michael Haddix
6.5%
Warren Bryant
4.8%
Leonard Coleman
2.2%
Quiz Playlist
Details
Report
Send in Message
Add To Playlist
Classic:
Type in answers that appear in a list
Last Updated: Feb 16, 2017
Quiz Scoreboard
CHALLENGE
Sign Up to Join the Scoreboard
Show All
Scores
Hide
Comments
May contain spoilers
Recently Published
Popular People in 1961
by mucciniale
History
6m
1-10 Letter E Words III
by El_Dandy
Language
2m
One Thing in Common: World Cities II
by knightlancer
Geography
7m
More to Explore
Quiz From the Vault
Featured Blog Post
Where Did the Easter Bunny Come From?
hide this ad
You Might Also Like...
Tags
NFL Quiz
1st Round
Draft
last
NFL Draft
round
SEC
Today's Top Quizzes in Sports
Browse Sports
hide this ad
Today's Top Quizzes in NFL
Browse NFL
Top Contributed Quizzes in Sports
1
Les meilleurs buteurs des matchs entre le PSG et l’OM
2
Les entraîneurs de l'OM et du PSG au 21e siècle
3
2022 World Cup Stars
4
FIFA Club World Cup Champions
5
Name the Premier League winners with different clubs
6
La finale Lions - Afrique du Sud 2021
7
Criteria MLB: Left Handed Sluggers
8
Players with Multiple 50 Home Run Seasons
9
MLB Players with Two .350 Batting Average Seasons
10
MLB Hall of Famer by Rings
Explore More
Trending Topics
Marvel
Harry Potter
Kpop
NBA
Crossword
Anime
Disney
NFL
Soccer
The Office
WWE
Country
Song
Puzzle
Pokémon
hide this ad
More By:
jkrasner
Quiz
Plays
Rating
Category
Featured
Created
NBA 50 Greatest Players Alma Maters
93,604
4.28
Sports
Apr 24, 2013
NBA Starting Lineups 2011-12 Alma Maters
9,972
3.29
Sports
Oct 13, 2012
2013 NBA Playoff Rosters Alma Maters
8,073
4.61
Sports
Apr 24, 2013
Last 5 MLB MVP Top 5 Finishes By Team
7,554
4.52
Sports
May 7, 2013
MLB Award Winners from the Last 25 Years
5,761
4.57
Sports
Oct 14, 2012
Go to Creator's Profile
Score Distribution
Quiz Creator Spotlight
jkrasner
Follow
Send a Message
Quizzes Created
-
Created Quiz Play Count
-
More By This Creator
Popular Quizzes Today
1
Find the US States - No Outlines Minefield
2
The Countries of the World
3
Find the Countries of Europe - No Outlines Minefield
4
Popular People in 1961
5
1-10 Letter E Words III
6
Find the US States
7
One Thing in Common: World Cities II
8
US States
More Sports Quizzes
Criteria Hall of Fame Short Stops
Quiz Lab
Trending Quizzes
Risky Map Clicking: Least Populous States A-Z
1-10 Letter F Words
1-10 Letter G Words
One Thing in Common: United Kingdom
Risky Map Clicking: Next State Alphabetically
Recently Updated
Leaping Animals
pecheneg
Reality TV Shows (A-Z)
bhenderson79
Rickey Henderson's Hall of Fame Teammates
pecheneg
Champions League XIs: Arsenal
pecheneg
Quick Pick: Celebrities in WWE's Hall of Fame
aduchscher
A-Z Keypad Blitz II
pecheneg
Multiple Oscar Actors
pecheneg
Mystery Phrase Blitz: Oscar 'Best Actors'
pecheneg
F. Scott Fitzgerald Novels
LTH
Pick 3 Villains
ddd62291
Trending Topics
Marvel
Kpop
Disney
Crossword
Anime
NBA
Harry Potter
Country
WWE
The Office
Pokémon
Puzzle
NFL
Soccer
Song
Your Account Isn't Verified!
In order to create a playlist on Sporcle, you need to verify the email address you used during registration. Go to your
Sporcle Settings
to finish the process.
Report this User
Report this user for behavior that violates our
Community Guidelines
.
Details:
Send Report
Go to the Sporcle.com Mobile Site →
Comments